History Quiz

Random History Quiz

UK Election Slideshow Quiz Stats

 Plays Quiz not verified by Sporcle

Score 0/12 Timer 08:00
0 Plays Today
% Correct
2015
96.7%
1997
87.7%
1983
73.3%
1945
70.7%
February 1974
65.5%
2010
63.4%
December 1910
62.4%
1979
61.4%
2005
61.1%
1931
53.9%
1966
50.7%
1922
46.1%

You're not logged in!

Compare scores with friends on all Sporcle quizzes.
OR
Log In

Show Comments

Extras

Top Quizzes Today


Score Distribution

Your Account Isn't Verified!

In order to create a playlist on Sporcle, you need to verify the email address you used during registration. Go to your Sporcle Settings to finish the process.

Report this User

Report this user for behavior that violates our Community Guidelines.

Details: